Central Library OPAC University of Rajshahi

Youths and their capacity building in gender perspective : (Record no. 79358)

MARC details
000 -LEADER
fixed length control field 00974nam a22002417a 4500
001 - CONTROL NUMBER
RUCL Control Number 79358)
003 - CONTROL NUMBER IDENTIFIER
rucl marc code BD-RjUL
005 - DATE AND TIME OF LATEST TRANSACTION
control field 20220613163531.0
008 - FIXED-LENGTH DATA ELEMENTS--GENERAL INFORMATION
fixed length control field 220210s2008eng |||a|||| m||| 00| 0 eng d
035 ## - SYSTEM CONTROL NUMBER
system control number (BD-RjUL)79358)
040 ## - CATALOGING SOURCE
Original cataloging agency BD-RjUL
Language of cataloging eng
Transcribing agency BD-RjUL
Modifying agency BD-RjUL
041 ## - LANGUAGE CODE
Language code of Book eng
082 ## - DEWEY DECIMAL CLASSIFICATION NUMBER
Classification number 305.235
Author mark and Year KAY 2008
DDC Edition number 23
100 ## - MAIN ENTRY--PERSONAL NAME
Personal name Kabir, Md. Moksudul
9 (RLIN) 1263
245 10 - TITLE STATEMENT
Title Youths and their capacity building in gender perspective :
Remainder of title Study of an Upazila in Northern Bangladesh /
Statement of responsibility, etc By Md. Moksudul Kabir ;
Name of Supervisor/Co-Supervisor Supervisor : M. Mostafa Kamal
260 ## - PUBLICATION, DISTRIBUTION, ETC. (IMPRINT)
Place of publication, distribution, etc Rajshahi :
Name of publisher, distributor, etc Institute of Bangladesh Studies, University Of Rajshahi,
Date of publication, distribution, etc 2008
300 ## - PHYSICAL DESCRIPTION
Pagination xx, 239 leaves :
Other physical details ill, ;
Dimensions 29 cm.
502 ## - DISSERTATION NOTE
Dissertation note Thesis (Ph. D.) -- Institute of Bangladesh Studies, University Of Rajshahi, 2008
504 ## - BIBLIOGRAPHY, ETC. NOTE
Bibliography, etc Reference : Leaves [216] - 220
650 ## - SUBJECT ADDED ENTRY--TOPICAL TERM
Topical term or geographic name as entry element Youth
Geographic subdivision Bangladesh
-- Joypurhat District
-- Khetlal Upazila
9 (RLIN) 3583
700 ## - ADDED ENTRY--SUPERVISOR/CO-SUPERVISOR NAME
Personal name Kamal, M. Mostafa, Supervisor
9 (RLIN) 1265
942 ## - ADDED ENTRY ELEMENTS (KOHA)
Source of classification or shelving scheme Dewey Decimal Classification
Koha item type Theses
Holdings
Source of classification or shelving scheme Damaged status Not for loan Collection code Permanent Location Current Location Shelving location Date of accession Source of acquisition Total Checkouts Full call number Barcode Date last seen Copy number Thesis
Dewey Decimal Classification   Not For Loan Theses Central Library, University of Rajshahi Central Library, University of Rajshahi Documentation Section 26/05/2011 Controller of Exam. R.U   THE 305.235 KAY 2008 D3213 10/02/2022 C-1 Theses